[Event "CAN-ch U10"]
[Site "Quebec"]
[Date "2008.07.14"]
[Round "2"]
[White "Levesque, Brale"]
[Black "Tomelden, West"]
[Result "1-0"]
[WhiteElo "1226"]
[BlackElo "966"]
[PlyCount "67"]
[EventDate "2008.07.14"]
[EventType "swiss"]
[EventRounds "7"]
[EventCountry "CAN"]
[SourceTitle "EXT 2011"]
[Source "ChessBase"]
[SourceDate "2010.11.26"]
[SourceVersion "1"]
[SourceVersionDate "2010.11.26"]
[SourceQuality "1"]

1. e4 e5 2. Nf3 Nc6 3. c4 Nf6 4. Nc3 d6 5. Nd5 Nxd5 6. cxd5 Nd4 7. Nxd4 exd4 8. Bb5+ Bd7 9. Qa4 a6 10. Bxd7+ Qxd7 11. Qxd7+ Kxd7 12. 0-0 d3 13. Re1 g6 14. Re3 Re8 15. b4 Bh6 16. Rh3 Bg5 17. f3 Bf4 18. Bb2 Be5 19. Bxe5 Rxe5 20. Re1 c5 21. bxc5 dxc5 22. f4 Rh5 23. Rxh5 gxh5 24. Rb1 b5 25. f5 Rg8 26. e5 Rg5 27. Rf1 c4 28. e6+ fxe6 29. fxe6+ Kd6 30. Rf8 Rxd5 31. e7 c3 32. dxc3 d2 33. e8Q d1Q+ 34. Rf1 1-0

[Event "CAN-ch U10"]
[Site "Ottawa"]
[Date "2007.07.03"]
[Round "2"]
[White "Lai, Jonathan"]
[Black "Levesque, Brale"]
[Result "1-0"]
[WhiteElo "1473"]
[BlackElo "1224"]
[PlyCount "69"]
[EventDate "2007.07.03"]
[EventType "swiss"]
[EventRounds "7"]
[EventCountry "CAN"]
[SourceTitle "EXT 2022"]
[Source "ChessBase"]
[SourceDate "2021.10.06"]
[SourceVersion "1"]
[SourceVersionDate "2021.10.06"]
[SourceQuality "1"]

1. e4 e5 2. Nf3 f6 3. Nxe5 fxe5 4. Qh5+ Ke7 5. Qxe5+ Kf7 6. Bc4+ Kg6 7. Qf5+ Kh6 8. d4+ g5 9. h4 d5 10. Bxg5+ Kg7 11. Qe5+ Nf6 12. Bxd5 Bd6 13. Bxf6+ Qxf6 14. Qxf6+ Kxf6 15. e5+ Bxe5 16. dxe5+ Kxe5 17. Nc3 c6 18. Bb3 Na6 19. f4+ Kxf4 20. 0-0+ Kg4 21. Rad1 c5 22. Ne4 Re8 23. Nf6+ Kxh4 24. Nxe8 Bd7 25. Rxd7 Rxe8 26. Rxh7+ Kg5 27. Rhf7 Kg6 28. R1f6+ Kg5 29. Rf5+ Kg6 30. Rf3 Rg8 31. Rg3+ Kh6 32. Rxg8 c4 33. Rf3 Kh7 34. Bxc4 Nb8 35. Rh3# 1-0